El diálogo infinito : (Record no. 182676)

MARC details
000 -LEADER
campo de control de longitud fija 00975nam a2200241 i 4500
001 - NÚMERO DE CONTROL
campo de control 182676
003 - IDENTIFICADOR DE NÚMERO DE CONTROL
campo de control ES-MaACL
005 - FECHA Y HORA DE LA ÚLTIMA TRANSACCIÓN
campo de control 20250902225551.0
008 - DATOS DE LONGITUD FIJA--INFORMACIÓN GENERAL
campo de control de longitud fija 131009s2011 sp | |||||||| | spa d
020 ## - NÚMERO INTERNACIONAL ESTÁNDAR DEL LIBRO
Número Internacional Estándar del Libro 978-84-92705-16-0
080 ## - NÚMERO DE LA CLASIFICACIÓN DECIMAL UNIVERSAL
Número de la Clasificación Decimal Universal 929 Eielson, Jorge Eduardo (047.53)
100 0# - ENTRADA PRINCIPAL--NOMBRE DE PERSONA
Nombre de persona Eielson, Jorge Eduardo.
9 (RLIN) 46823
245 13 - MENCIÓN DEL TÍTULO
Título El diálogo infinito :
Resto del título una conversación con Martha L. Canfield /
Mención de responsabilidad, etc. Jorge Eduardo Eielson.
260 ## - PUBLICACIÓN, DISTRIBUCIÓN, ETC.
Lugar de publicación, distribución, etc. Sevilla :
Nombre del editor, distribuidor, etc. Sibilina ;
Lugar de publicación, distribución, etc. [Bilbao] :
Nombre del editor, distribuidor, etc. Fundación BBVA,
Fecha de publicación, distribución, etc. imp. 2011.
300 ## - DESCRIPCIÓN FÍSICA
Extensión 128 p. ;
Dimensiones 21 cm.
490 1# - MENCIÓN DE SERIE
Mención de serie Biblioteca Sibila-Fundación BBVA de poesía en español ;
Designación de volumen o secuencia 27.
Mención de serie Ensayo
700 1# - ENTRADA AGREGADA--NOMBRE PERSONAL
Nombre de persona Canfield, Martha L.
9 (RLIN) 147207
830 0# - PUNTO DE ACCESO ADICIONAL DE SERIE-TÍTULO UNIFORME
Título uniforme Biblioteca Sibila-Fundación BBVA de poesía en español ;
Designación de volumen o secuencia 27.
Título uniforme Ensayo
9 (RLIN) 191823
852 ## - LOCALIZACIÓN
Ubicación ES-MaACL
Número de control de estantería A-12834
itemnumber 189593
Sublocalización o colección R.149048
Ubicación en estantería Depósito 1
Signatura antigua Olim: N-5834
Encuadernación Donación: Fundación BBVA
914 ## - NOMBRE ENTIDAD DE DONANTE
Nombre de congreso/reunión o jurisdicción como elemento de entrada Fundación BBVA
Unidad subordinada Donante
RLIN 4230
942 ## - ELEMENTOS DE ENTRADA SECUNDARIOS (KOHA)
Fuente del sistema de clasificación o colocación Clasificación decimal universal
Tipo de ítem Koha Libro impreso
Holdings
Estatus retirado Estado de pérdida Fuente del sistema de clasificación o colocación Estado de daño No para préstamo Biblioteca de origen Biblioteca actual Ubicación en estantería Fecha de adquisición Fuente de adquisición Total de préstamos Signatura topográfica completa Código de barras Visto por última vez Precio de reemplazo Tipo de ítem Koha
    Clasificación decimal universal     Biblioteca del Ateneo de Madrid Biblioteca del Ateneo de Madrid Depósito 1 09/10/2013 Donación   A-12834 1191978 23/02/2023 23/02/2023 Libro impreso